<?xml version="1.0" encoding="UTF-8"?>
<record
    xmlns:xsi="http://www.w3.org/2001/XMLSchema-instance"
    xsi:schemaLocation="http://www.loc.gov/MARC21/slim http://www.loc.gov/standards/marcxml/schema/MARC21slim.xsd"
    xmlns="http://www.loc.gov/MARC21/slim">

  <leader>01615nam a2200445 u 4500</leader>
  <controlfield tag="001">664901</controlfield>
  <controlfield tag="005">20260506091237.0</controlfield>
  <controlfield tag="008">010517s1995                        spa  </controlfield>
  <datafield tag="020" ind1=" " ind2=" ">
    <subfield code="a">9683644732</subfield>
  </datafield>
  <datafield tag="035" ind1=" " ind2=" ">
    <subfield code="a">664901</subfield>
  </datafield>
  <datafield tag="035" ind1=" " ind2=" ">
    <subfield code="a">(OCoLC)34841930</subfield>
  </datafield>
  <datafield tag="040" ind1=" " ind2=" ">
    <subfield code="c">comduadb</subfield>
  </datafield>
  <datafield tag="041" ind1=" " ind2=" ">
    <subfield code="a">spa</subfield>
  </datafield>
  <datafield tag="080" ind1=" " ind2=" ">
    <subfield code="a">A</subfield>
  </datafield>
  <datafield tag="082" ind1=" " ind2="4">
    <subfield code="a">320</subfield>
  </datafield>
  <datafield tag="100" ind1="1" ind2="0">
    <subfield code="a">Rabotnikof, Nora,</subfield>
    <subfield code="d">1950-</subfield>
    <subfield code="4">edt</subfield>
    <subfield code="0">(isni)0000 0004 5305 1178</subfield>
    <subfield code="0">(viaf)70821785</subfield>
    <subfield code="e">edt</subfield>
    <subfield code="9">520076</subfield>
  </datafield>
  <datafield tag="245" ind1="1" ind2="3">
    <subfield code="a">La tenacidad de la pol&#xED;tica : conceptos de la filosof&#xED;a pol&#xED;tica : persistencia y reformulaci&#xF3;n a la vuelta del milenio</subfield>
  </datafield>
  <datafield tag="260" ind1=" " ind2=" ">
    <subfield code="a">M&#xE9;xico :</subfield>
    <subfield code="b">Universidad Nacional Aut&#xF3;noma de M&#xE9;xico (UNAM),</subfield>
    <subfield code="c">1995.</subfield>
  </datafield>
  <datafield tag="300" ind1=" " ind2=" ">
    <subfield code="a">191 p.</subfield>
  </datafield>
  <datafield tag="490" ind1="0" ind2=" ">
    <subfield code="a">Coleccion la Filosofia y su problemas ;</subfield>
    <subfield code="v">3</subfield>
  </datafield>
  <datafield tag="600" ind1="1" ind2="7">
    <subfield code="a">Hobbes, Thomas,</subfield>
    <subfield code="d">1588-1679</subfield>
    <subfield code="x">Pensamiento pol&#xED;tico</subfield>
    <subfield code="2">lemb</subfield>
    <subfield code="9">866512</subfield>
  </datafield>
  <datafield tag="650" ind1=" " ind2="4">
    <subfield code="a">&#xC9;tica y pol&#xED;tica</subfield>
    <subfield code="9">46140</subfield>
  </datafield>
  <datafield tag="650" ind1=" " ind2="7">
    <subfield code="a">Filosof&#xED;a pol&#xED;tica</subfield>
    <subfield code="2">lemb</subfield>
    <subfield code="9">1528</subfield>
  </datafield>
  <datafield tag="650" ind1=" " ind2=" ">
    <subfield code="a">Pol&#xED;tica y moral</subfield>
    <subfield code="9">48698</subfield>
  </datafield>
  <datafield tag="650" ind1=" " ind2="7">
    <subfield code="a">Totalitarismo</subfield>
    <subfield code="2">lemb</subfield>
    <subfield code="9">42739</subfield>
  </datafield>
  <datafield tag="650" ind1=" " ind2=" ">
    <subfield code="a">Republicanismo</subfield>
    <subfield code="9">48306</subfield>
  </datafield>
  <datafield tag="650" ind1=" " ind2=" ">
    <subfield code="a">Constituci&#xF3;n y democracia</subfield>
    <subfield code="9">79057</subfield>
  </datafield>
  <datafield tag="650" ind1=" " ind2=" ">
    <subfield code="a">Pol&#xED;tica y burocracia</subfield>
    <subfield code="9">79058</subfield>
  </datafield>
  <datafield tag="650" ind1=" " ind2="7">
    <subfield code="a">Burocracia</subfield>
    <subfield code="2">lemb</subfield>
    <subfield code="9">1930</subfield>
  </datafield>
  <datafield tag="650" ind1=" " ind2="7">
    <subfield code="a">Espacio p&#xFA;blico</subfield>
    <subfield code="2">armarc</subfield>
    <subfield code="9">213</subfield>
  </datafield>
  <datafield tag="650" ind1=" " ind2="7">
    <subfield code="a">&#xC9;tica</subfield>
    <subfield code="2">lemb</subfield>
    <subfield code="9">4694</subfield>
  </datafield>
  <datafield tag="650" ind1=" " ind2="7">
    <subfield code="a">Pol&#xED;tica</subfield>
    <subfield code="2">lemb</subfield>
    <subfield code="9">2085</subfield>
  </datafield>
  <datafield tag="650" ind1=" " ind2="7">
    <subfield code="a">Identidad</subfield>
    <subfield code="2">lemb</subfield>
    <subfield code="9">32648</subfield>
  </datafield>
  <datafield tag="650" ind1=" " ind2="7">
    <subfield code="a">Modernidad</subfield>
    <subfield code="2">lemb</subfield>
    <subfield code="9">32635</subfield>
  </datafield>
  <datafield tag="650" ind1=" " ind2="7">
    <subfield code="a">Derechos humanos</subfield>
    <subfield code="2">lemb</subfield>
    <subfield code="9">30097</subfield>
  </datafield>
  <datafield tag="650" ind1=" " ind2="7">
    <subfield code="a">&#xC9;tica</subfield>
    <subfield code="2">lemb</subfield>
    <subfield code="9">4694</subfield>
  </datafield>
  <datafield tag="700" ind1="1" ind2="0">
    <subfield code="a">Velasco, Ambrosio</subfield>
    <subfield code="4">edt</subfield>
    <subfield code="e">edt</subfield>
    <subfield code="9">335381</subfield>
  </datafield>
  <datafield tag="700" ind1="1" ind2="0">
    <subfield code="a">Yturbe, Corina,</subfield>
    <subfield code="d">1950-</subfield>
    <subfield code="4">edt</subfield>
    <subfield code="0">(isni)0000 0000 0103 7084</subfield>
    <subfield code="0">(viaf)51903128</subfield>
    <subfield code="e">edt</subfield>
    <subfield code="9">310223</subfield>
  </datafield>
  <datafield tag="942" ind1=" " ind2=" ">
    <subfield code="c">BOOK</subfield>
  </datafield>
  <datafield tag="999" ind1=" " ind2=" ">
    <subfield code="c">200155</subfield>
    <subfield code="d">200155</subfield>
  </datafield>
  <datafield tag="952" ind1=" " ind2=" ">
    <subfield code="0">0</subfield>
    <subfield code="1">0</subfield>
    <subfield code="4">0</subfield>
    <subfield code="7">0</subfield>
    <subfield code="8">GEN</subfield>
    <subfield code="a">BC</subfield>
    <subfield code="b">BC</subfield>
    <subfield code="d">2001-05-17</subfield>
    <subfield code="i">C681921</subfield>
    <subfield code="l">0</subfield>
    <subfield code="o">320.01 T289</subfield>
    <subfield code="p">61000003959331</subfield>
    <subfield code="r">2023-04-23 00:00:00</subfield>
    <subfield code="t">1</subfield>
    <subfield code="w">2023-04-23</subfield>
    <subfield code="y">BOOK</subfield>
  </datafield>
  <datafield tag="952" ind1=" " ind2=" ">
    <subfield code="0">0</subfield>
    <subfield code="1">0</subfield>
    <subfield code="4">0</subfield>
    <subfield code="7">0</subfield>
    <subfield code="8">GENERAL</subfield>
    <subfield code="a">IEP</subfield>
    <subfield code="b">IEP</subfield>
    <subfield code="d">2005-06-09</subfield>
    <subfield code="e">Compras</subfield>
    <subfield code="i">C867956</subfield>
    <subfield code="l">0</subfield>
    <subfield code="o">A00912</subfield>
    <subfield code="p">0600133</subfield>
    <subfield code="r">2023-04-23 00:00:00</subfield>
    <subfield code="t">2</subfield>
    <subfield code="w">2023-04-23</subfield>
    <subfield code="y">BOOK</subfield>
  </datafield>
</record>
